Largest Countries not Bordering Previously Listed - Sudden Death - Statistics

General Stats
  • This quiz has been taken 2,129 times
  • The average score is 5 of 44
Answers on the Grid
Answers color-coded by a green-red scale on the quiz's grid according to % correct below.
Russia
Canada
China
United States
Brazil
India
Argentina
Kazakhstan
Algeria
DR Congo
Saudi Arabia
Mexico
Indonesia
Sudan
Libya
Iran
Mongolia
Peru
Chad
Niger
Angola
Mali
South Africa
Colombia
Ethiopia
Bolivia
Mauritania
Egypt
Tanzania
Nigeria
Venezuela
Pakistan
Namibia
Mozambique
Turkey
Chile
Zambia
Myanmar
Afghanistan
France
Somalia
Central African
Republic
South Sudan
Ukraine
Botswana
Kenya
Yemen
Thailand
Spain
Turkmenistan
Cameroon
Papua New Guinea
Sweden
Uzbekistan
Morocco
Iraq
Paraguay
Zimbabwe
Germany
Rep. of the Congo
Finland
Vietnam
Malaysia
Norway
Ivory Coast
Poland
Oman
Italy
Ecuador
Burkina Faso
Gabon
Guinea
United Kingdom
Uganda
Ghana
Romania
Laos
Guyana
Belarus
Kyrgyzstan
Senegal
Syria
Cambodia
Uruguay
Suriname
Tunisia
Bangladesh
Nepal
Tajikistan
Greece
Nicaragua
North Korea
Malawi
Eritrea
Benin
Honduras
Liberia
Bulgaria
Guatemala
South Korea
Hungary
Portugal
Jordan
Serbia
Azerbaijan
Austria
United Arab
Emirates
Czech Republic
Panama
Sierra Leone
Ireland
Georgia
Lithuania
Latvia
Togo
Croatia
Bosnia and
Herzegovina
Costa Rica
Slovakia
Dominican Republic
Estonia
Denmark
Netherlands
Switzerland
Bhutan
Guinea-Bissau
Moldova
Belgium
Lesotho
Armenia
Albania
Equatorial Guinea
Burundi
Haiti
Rwanda
North Macedonia
Djibouti
Belize
El Salvador
Israel
Slovenia
Kuwait
Eswatini
East Timor
Montenegro
Qatar
Gambia
Kosovo
Lebanon
Brunei
Luxembourg
Andorra
Liechtenstein
San Marino
Monaco
Vatican City
 
Answer Stats
Answer % Correct
Russia
98%
Canada
81%
Brazil
32%
India
32%
Saudi Arabia
31%
Algeria
26%
DR Congo
25%
Indonesia
25%
Sudan
23%
Iran
22%
Mexico
21%
South Africa
10%
Nigeria
5%
Chile
4%
Ecuador
2%
Germany
2%
Ivory Coast
2%
Somalia
2%
Spain
2%
Sweden
2%
Thailand
2%
Uzbekistan
2%
Brunei
1%
Croatia
1%
Dominican Republic
1%
Gabon
1%
Greece
1%
Italy
1%
Liechtenstein
1%
Malawi
1%
Monaco
1%
Nicaragua
1%
Panama
1%
Romania
1%
Senegal
1%
Sierra Leone
1%
Slovakia
1%
South Korea
1%
Syria
1%
Togo
1%
Vietnam
1%
El Salvador
0%
Ireland
0%
Kosovo
0%
No matching quizzes found
Score Distribution
Percent of People with Each Score
Percentile by Number Answered
Your Score History
You have not taken this quiz